[Event "Oberliga Sued W 0506"]
[Site "Germany"]
[Date "2006.03.12"]
[Round "8.8"]
[White "Immel, Herbert"]
[Black "Haag, Guenter"]
[Result "1/2-1/2"]
[WhiteElo "1702"]
[BlackElo "1955"]
[PlyCount "46"]
[EventDate "2005.10.23"]
[EventType "team-tourn"]
[EventRounds "9"]
[EventCountry "GER"]
[SourceTitle "EXT 2007"]
[Source "ChessBase"]
[SourceDate "2006.11.23"]
[SourceVersion "1"]
[SourceVersionDate "2006.11.23"]
[SourceQuality "1"]
[WhiteTeam "Bad Bergzabern"]
[BlackTeam "Mutterstadt"]
[WhiteTeamCountry "GER"]
[BlackTeamCountry "GER"]

1. f4 e5 2. fxe5 d6 3. exd6 Bxd6 4. Nf3 g5 5. g3 g4 6. Nh4 Ne7 7. d4 Ng6 8. Nxg6 hxg6 9. Qd3 Nc6 10. c3 Qe7 11. Bg2 Bd7 12. Nd2 0-0-0 13. Ne4 Rh5 14. Nxd6+ Qxd6 15. Bf4 Qe7 16. e4 Rdh8 17. 0-0-0 Rxh2 18. Rxh2 Rxh2 19. Rd2 Rh5 20. Qc4 g5 21. Be3 Kb8 22. Rf2 Nd8 23. Qb3 Rh7 1/2-1/2

[Event "Oberliga Sued W 0506"]
[Site "Germany"]
[Date "2006.02.19"]
[Round "7.8"]
[White "Herbold, Manfred"]
[Black "Immel, Herbert"]
[Result "1-0"]
[WhiteElo "2110"]
[BlackElo "1702"]
[PlyCount "55"]
[EventDate "2005.10.23"]
[EventType "team-tourn"]
[EventRounds "9"]
[EventCountry "GER"]
[SourceTitle "EXT 2007"]
[Source "ChessBase"]
[SourceDate "2006.11.23"]
[SourceVersion "1"]
[SourceVersionDate "2006.11.23"]
[SourceQuality "1"]
[WhiteTeam "Ludwigshafen"]
[BlackTeam "Bad Bergzabern"]
[WhiteTeamCountry "GER"]
[BlackTeamCountry "GER"]

1. Nc3 d5 2. e4 d4 3. Nb1 e5 4. Bc4 Nf6 5. d3 Bd6 6. Ne2 Nc6 7. a4 0-0 8. 0-0 Bd7 9. Bd2 Qe7 10. h3 a6 11. f4 exf4 12. Bxf4 Bxf4 13. Nxf4 Ne5 14. Bb3 Rac8 15. Nd2 Qd6 16. Nh5 Nfg4 17. hxg4 Bxg4 18. Nf6+ gxf6 19. Qe1 Bh5 20. Qh4 Bg6 21. Rxf6 Qd8 22. Qg5 Qe7 23. Raf1 Kh8 24. Be6 Nd7 25. Bxd7 Qxd7 26. Nc4 Rg8 27. Ne5 Qe7 28. Rxg6 1-0